MARC details
| 000 -LEADER |
| fixed length control field |
01849cam a2200493 i 4500 |
| 001 - CONTROL NUMBER |
| control field |
19276369 |
| 003 - CONTROL NUMBER IDENTIFIER |
| control field |
OSt |
| 005 - DATE AND TIME OF LATEST TRANSACTION |
| control field |
20230906140914.0 |
| 008 - FIXED-LENGTH DATA ELEMENTS--GENERAL INFORMATION |
| fixed length control field |
160915t20182018maua b 001 0 eng |
| 010 ## - LIBRARY OF CONGRESS CONTROL NUMBER |
| LC control number |
2016954099 |
| 020 ## - INTERNATIONAL STANDARD BOOK NUMBER |
| International Standard Book Number |
9781337094160 |
| 035 ## - SYSTEM CONTROL NUMBER |
| System control number |
(OCoLC)on1001251213 |
| 040 ## - CATALOGING SOURCE |
| Original cataloging agency |
JHE |
| Language of cataloging |
eng |
| Transcribing agency |
JHE |
| Description conventions |
rda |
| Modifying agency |
JHE |
| -- |
OCLCO |
| -- |
OCLCQ |
| -- |
OCLCA |
| -- |
DLC |
| 042 ## - AUTHENTICATION CODE |
| Authentication code |
lccopycat |
| 050 ## - LIBRARY OF CONGRESS CALL NUMBER |
| Classification number |
519.5 |
| Item number |
AND-S |
| 082 00 - DEWEY DECIMAL CLASSIFICATION NUMBER |
| Classification number |
519.5 |
| Edition number |
23 |
| Item number |
AND-S |
| 100 1# - MAIN ENTRY--PERSONAL NAME |
| Personal name |
Anderson, David R. |
| Fuller form of name |
(David Ray), |
| Dates associated with a name |
1941- |
| Relator term |
author. |
| 245 10 - TITLE STATEMENT |
| Title |
Statistics for Business & Economics / |
| Statement of responsibility, etc. |
David R. Anderson, Dennis J. Sweeney, Thomas A. Williams, |
| 246 3# - VARYING FORM OF TITLE |
| Title proper/short title |
Statistics for Business and Economics |
| 250 ## - EDITION STATEMENT |
| Edition statement |
13th rev .ed. |
| 264 #1 - PRODUCTION, PUBLICATION, DISTRIBUTION, MANUFACTURE, AND COPYRIGHT NOTICE |
| Place of production, publication, distribution, manufacture |
Boston, MA : |
| Name of producer, publisher, distributor, manufacturer |
Cengage Learning, |
| Date of production, publication, distribution, manufacture, or copyright notice |
2018 |
| 264 #4 - PRODUCTION, PUBLICATION, DISTRIBUTION, MANUFACTURE, AND COPYRIGHT NOTICE |
| Date of production, publication, distribution, manufacture, or copyright notice |
2018 |
| 300 ## - PHYSICAL DESCRIPTION |
| Extent |
xxvii, 1092 pages : |
| Other physical details |
color illustrations ; |
| Dimensions |
27 cm |
| 336 ## - CONTENT TYPE |
| Content type term |
text |
| Content type code |
txt |
| Source |
rdacontent |
| 337 ## - MEDIA TYPE |
| Media type term |
unmediated |
| Media type code |
n |
| Source |
rdamedia |
| 338 ## - CARRIER TYPE |
| Carrier type term |
volume |
| Carrier type code |
nc |
| Source |
rdacarrier |
| 504 ## - BIBLIOGRAPHY, ETC. NOTE |
| Bibliography, etc. note |
Includes bibliographical references (pages 974-975) and index. |
| 650 #0 - SUBJECT ADDED ENTRY--TOPICAL TERM |
| Topical term or geographic name entry element |
Commercial statistics |
| General subdivision |
Methodology. |
| 650 #0 - SUBJECT ADDED ENTRY--TOPICAL TERM |
| Topical term or geographic name entry element |
Economics |
| General subdivision |
Statistical methods. |
| 650 #7 - SUBJECT ADDED ENTRY--TOPICAL TERM |
| Topical term or geographic name entry element |
Commercial statistics |
| General subdivision |
Methodology. |
| Source of heading or term |
fast |
| Authority record control number or standard number |
(OCoLC)fst00869646 |
| 650 #7 - SUBJECT ADDED ENTRY--TOPICAL TERM |
| Topical term or geographic name entry element |
Economics |
| General subdivision |
Statistical methods. |
| Source of heading or term |
fast |
| Authority record control number or standard number |
(OCoLC)fst00902215 |
| 650 #7 - SUBJECT ADDED ENTRY--TOPICAL TERM |
| Topical term or geographic name entry element |
Statistik |
| Source of heading or term |
gnd |
| 650 #7 - SUBJECT ADDED ENTRY--TOPICAL TERM |
| Topical term or geographic name entry element |
Wirtschaftsmathematik |
| Source of heading or term |
gnd |
| 650 #7 - SUBJECT ADDED ENTRY--TOPICAL TERM |
| Topical term or geographic name entry element |
Wirtschaftsstatistik |
| Source of heading or term |
gnd |
| 655 #7 - INDEX TERM--GENRE/FORM |
| Genre/form data or focus term |
Problems and exercises. |
| Source of term |
fast |
| Authority record control number or standard number |
(OCoLC)fst01423783 |
| 700 1# - ADDED ENTRY--PERSONAL NAME |
| Personal name |
Sweeney, Dennis J., |
| Relator term |
author. |
| 700 1# - ADDED ENTRY--PERSONAL NAME |
| Personal name |
Williams, Thomas A. |
| Fuller form of name |
(Thomas Arthur), |
| Dates associated with a name |
1944- |
| Relator term |
author. |
| 700 1# - ADDED ENTRY--PERSONAL NAME |
| Personal name |
Camm, Jeffrey D., |
| Dates associated with a name |
1958- |
| Relator term |
author. |
| 700 1# - ADDED ENTRY--PERSONAL NAME |
| Personal name |
Cochran, James J., |
| Relator term |
author. |
| 906 ## - LOCAL DATA ELEMENT F, LDF (RLIN) |
| a |
7 |
| b |
cbc |
| c |
copycat |
| d |
3 |
| e |
ncip |
| f |
20 |
| g |
y-gencatlg |
| 942 ## - ADDED ENTRY ELEMENTS (KOHA) |
| Source of classification or shelving scheme |
Dewey Decimal Classification |
| Koha item type |
BOOK |